[Event "Milan Crespi op-B 29th"]
[Site "Milan"]
[Date "2008.12.06"]
[Round "3"]
[White "Bettini, Massimo"]
[Black "De la Pena, Elmer"]
[Result "1-0"]
[WhiteElo "1842"]
[BlackElo "1890"]
[PlyCount "47"]
[EventDate "2008.12.05"]
[EventType "swiss"]
[EventRounds "7"]
[EventCountry "ITA"]
[SourceTitle "EXT 2010"]
[Source "ChessBase"]
[SourceDate "2010.11.25"]
[SourceVersion "1"]
[SourceVersionDate "2010.11.25"]
[SourceQuality "1"]

1. e4 c5 2. Nf3 Nc6 3. d4 cxd4 4. Nxd4 g6 5. Nc3 Bg7 6. Be3 Nf6 7. Bc4 0-0 8. f3 d6 9. Qd2 Nxd4 10. Bxd4 Bd7 11. 0-0-0 Rc8 12. Bb3 a6 13. h4 Be6 14. h5 Bxb3 15. axb3 Qa5 16. Kb1 Rfe8 17. hxg6 hxg6 18. g4 b5 19. Qh2 b4 20. Nd5 Qb5 21. Rd3 Rc6 22. f4 e5 23. Rh3 Kf8 24. Rh8+ 1-0

[Event "Milan Crespi op-B 29th"]
[Site "Milan"]
[Date "2008.12.04"]
[Round "1"]
[White "Alidosi, Marco"]
[Black "De la Pena, Elmer"]
[Result "1-0"]
[WhiteElo "1794"]
[BlackElo "1890"]
[PlyCount "197"]
[EventDate "2008.12.05"]
[EventType "swiss"]
[EventRounds "7"]
[EventCountry "ITA"]
[SourceTitle "EXT 2010"]
[Source "ChessBase"]
[SourceDate "2010.11.25"]
[SourceVersion "1"]
[SourceVersionDate "2010.11.25"]
[SourceQuality "1"]

1. Nf3 Nf6 2. g3 c5 3. Bg2 Nc6 4. d3 g6 5. e4 Bg7 6. 0-0 0-0 7. Na3 d6 8. h3 Rb8 9. c3 e5 10. Nc2 h6 11. Kh2 Be6 12. Ne3 b5 13. Nh4 b4 14. Nd5 Bxd5 15. exd5 Ne7 16. c4 Nh5 17. Rb1 Qa5 18. Be3 Qd8 19. Bf3 Nf6 20. Be4 Nh7 21. Ng2 f5 22. Bf3 Nf6 23. Bd2 Qe8 24. Ne3 g5 25. g4 f4 26. Ng2 Qg6 27. Qe2 a5 28. a4 Qe8 29. b3 Rb7 30. Rh1 Ng6 31. Kg1 Re7 32. Be4 Nxe4 33. Qxe4 f3 34. Ne1 Nh4 35. Nc2 Rf6 36. Qe1 e4 37. Qf1 exd3 38. Qxd3 Ng2 39. Ne3 Nf4 40. Qc2 Ne2+ 41. Kf1 Nd4 42. Qd3 Rf8 43. Re1 Qf7 44. Nc2 Ne2 45. Ne3 Nf4 46. Qb1 Rfe8 47. Nf5 Rxe1+ 48. Bxe1 Ng2 49. Bd2 Re2 50. Qd3 Qe8 51. Qxf3 Rxd2 52. Kxg2 Qe5 53. Rd1 Rc2 54. Rd3 Rc1 55. Re3 Qa1 56. Ne7+ Kh8 57. Ng6+ Kh7 58. Qf5 Rg1+ 59. Kf3 Qd1+ 60. Ke4 Qc2+ 61. Kf3 Qd1+ 62. Ke4 Qb1+ 63. Kf3 Qxf5+ 64. gxf5 Rb1 65. Ne7 Be5 66. Nc6 Bf6 67. Nxa5 Rb2 68. Nb7 Bd4 69. Re7+ Kg8 70. Na5 Rxf2+ 71. Kg4 Rf4+ 72. Kh5 Rxf5 73. Kxh6 Kf8 74. Re6 Be5 75. Kg6 Rf3 76. Kxg5 Rxh3 77. Rh6 Rg3+ 78. Kf5 Kf7 79. Rh7+ Bg7 80. Kf4 Rg1 81. Rh3 Rf1+ 82. Rf3 Be5+ 83. Ke3+ Rxf3+ 84. Kxf3 Ke8 85. Ke4 Kd7 86. Nc6 Bg3 87. Kf5 Bh2 88. a5 Kc7 89. Ke6 Bg3 90. Ne7 Bf4 91. Nf5 Bh2 92. a6 Kb6 93. Kd7 Kxa6 94. Kc6 Ka7 95. Nxd6 Bg1 96. Ne4 Kb8 97. Nxc5 Ka7 98. Ne6 Kb8 99. d6 1-0

[Event "Gorgonzola op-B 12th"]
[Site "Gorgonzola"]
[Date "2007.11.10"]
[Round "1"]
[White "De la Pena, Elmer"]
[Black "Murli, Almerico"]
[Result "0-1"]
[WhiteElo "1919"]
[BlackElo "1851"]
[PlyCount "62"]
[EventDate "2007.11.10"]
[EventType "swiss"]
[EventRounds "6"]
[EventCountry "ITA"]
[SourceTitle "EXT 2010"]
[Source "ChessBase"]
[SourceDate "2010.11.25"]
[SourceVersion "1"]
[SourceVersionDate "2010.11.25"]
[SourceQuality "1"]

1. d4 g6 2. c4 Bg7 3. g3 Nf6 4. Nf3 d6 5. Nc3 0-0 6. Bg2 Nbd7 7. 0-0 e5 8. e4 c6 9. h3 Qb6 10. d5 Nc5 11. Qc2 cxd5 12. cxd5 Bd7 13. Be3 Rac8 14. Nd2 Qd8 15. a4 a5 16. Ra3 Ne8 17. Nc4 f5 18. Bxc5 Rxc5 19. Qb3 f4 20. Nb6 f3 21. Bh1 Bxh3 22. Re1 Bh6 23. Nd1 Bd2 24. Re3 Bxe3 25. Nxe3 Rc1+ 26. Kh2 Qg5 27. Nbc4 Qh5 28. g4 Rxh1+ 29. Kg3 Rg1+ 30. Kh2 Rh1+ 31. Kxh1 Bg2+ 0-1

[Event "Bratto Martesana op"]
[Site "Bratto"]
[Date "2006.11.19"]
[Round "6"]
[White "De la Pena, Elmer"]
[Black "Eynard, Valdo"]
[Result "0-1"]
[WhiteElo "1892"]
[BlackElo "1986"]
[PlyCount "54"]
[EventDate "2006.11.11"]
[EventType "swiss"]
[EventRounds "6"]
[EventCountry "ITA"]
[SourceTitle "EXT 2008"]
[Source "ChessBase"]
[SourceDate "2007.11.25"]
[SourceVersion "1"]
[SourceVersionDate "2007.11.25"]
[SourceQuality "1"]

1. d4 Nf6 2. c4 e6 3. Nc3 Bb4 4. a3 Bxc3+ 5. bxc3 c5 6. e3 0-0 7. Bd3 d5 8. Nf3 Nc6 9. 0-0 Qa5 10. Qc2 h6 11. Rd1 b6 12. Nd2 Ba6 13. a4 cxd4 14. exd4 Bxc4 15. Bxc4 dxc4 16. Nxc4 Qh5 17. Re1 Rac8 18. Ba3 Rfd8 19. Re3 Nxd4 20. Qa2 Rxc4 21. Be7 Rdc8 22. Bxf6 Nf5 23. Rh3 Qg4 24. Be5 Qe4 25. f4 f6 26. Bd4 Nxd4 27. cxd4 Qxd4+ 0-1

[Event "Ceriano Laghetto op-B 15th"]
[Site "Ceriano Laghetto"]
[Date "2006.03.31"]
[Round "1"]
[White "De la Pena, Elmer"]
[Black "Cesarano, Marco"]
[Result "0-1"]
[WhiteElo "1853"]
[BlackElo "1653"]
[PlyCount "84"]
[EventDate "2006.03.31"]
[EventType "swiss"]
[EventRounds "5"]
[EventCountry "ITA"]
[SourceTitle "EXT 2011"]
[Source "ChessBase"]
[SourceDate "2010.11.26"]
[SourceVersion "1"]
[SourceVersionDate "2010.11.26"]
[SourceQuality "1"]

1. d4 d5 2. Nf3 Nf6 3. c4 c6 4. Nc3 e6 5. Bg5 h6 6. Bxf6 Qxf6 7. e3 Bd6 8. Qc2 Nd7 9. Bd3 0-0 10. e4 dxe4 11. Nxe4 Bb4+ 12. Kf1 Qe7 13. Qb3 Ba5 14. h4 e5 15. d5 f5 16. dxc6 bxc6 17. Qa4 fxe4 18. Bxe4 Nc5 19. Qxc6 Bb7 20. Bd5+ Kh8 21. Qb5 Bxd5 22. cxd5 Bb6 23. Qc4 Rf4 24. Qc2 Raf8 25. Re1 e4 26. Re2 Qd6 27. Nd2 Qxd5 28. Nc4 Qd3 29. Kg1 Qxc2 30. Rxc2 Nd3 31. Nxb6 axb6 32. Rh3 Nxf2 33. Rg3 Ng4 34. Rc1 h5 35. Rb3 R8f6 36. Rb5 g6 37. Rd5 Kg7 38. Rd7+ Rf7 39. Rd6 R4f6 40. Rd8 e3 41. Re8 Rf2 42. g3 e2 0-1